El transporte público y sus problemas

Guardat en:
Dades bibliogràfiques
Format: Text
Etiquetes: Afegir etiqueta
Sense etiquetes, Sigues el primer a etiquetar aquest registre!

MARC

LEADER 00000 a a2200000 04500
001 42519
003
040
245 |a El transporte público y sus problemas  
773 |g volumen21, número914 (2000), 16 páginas  
999 |c 21440  |d 21440